| 000 | 00931nac a22002897a 4500 | ||
|---|---|---|---|
| 001 | BR8202477 | ||
| 003 | BR-BrBNA | ||
| 005 | 20240105115310.0 | ||
| 008 | 230509b bl.|||m| |||| 00| 0 por d | ||
| 040 |
_aBR-BrBNA _bpor _cBiblioteca Nacional de Agricultura |
||
| 072 | _aQ10; E10 | ||
| 090 | _a9120 BR8202477 | ||
| 110 | 1 |
_aCompanhia Industrial de Conservas Alimenticias, Jundiai, SP (Brasil) _92446 |
|
| 245 | 1 | _aRelatorio de atividades 81/82 [Companhia Industrial de Conservas Alimenticias, Sao Paulo, Brasil] | |
| 260 | 3 |
_aJundiai, SP (Brasil): _c1982. |
|
| 300 | _a36 p. | ||
| 490 |
_aRelatorio - Companhia Industrial de Conservas Alimenticias (Brazil) _v _x |
||
| 650 | _aCONSERVA | ||
| 650 | _aENLATADO | ||
| 650 | _aCOMPOTA | ||
| 650 | _aINDUSTRIA ALIMENTICIA | ||
| 650 | _aRECEITA | ||
| 650 | _aDESPESA | ||
| 650 | _aSAO PAULO | ||
| 909 |
_a202312 _bLúcia Elande _c55 _dLúcia Elande |
||
| 942 |
_2AGRIS _n0 _cMS |
||
| 999 |
_c274139 _d274139 |
||